Normal view
MARC view
- Kratzer, Thomas A
Entry Personal Name
001 - CONTROL NUMBER
- control field: 110981
003 - CONTROL NUMBER IDENTIFIER
- control field: NUST
005 - DATE AND TIME OF LATEST TRANSACTION
- control field: 20230321160606.0
008 - FIXED-LENGTH DATA ELEMENTS
- fixed length control field: 230321|| aca||aabn | a|a d
040 ## - CATALOGING SOURCE
- Original cataloging agency: NUST
- Transcribing agency: NUST
100 ## - HEADING--PERSONAL NAME
- Personal name: Kratzer, Thomas A
670 ## - SOURCE DATA FOUND
- Source citation: Work cat.: (NUST)0: Kratzer, Thomas A., Quantitative survival guide for operations management /, c2005.
